000 00522cam a22001457a 4500
008 180718b2004 xxu||||| |||| 00| 0 eng d
100 _aCanals-Cerda, Jose
245 _aThe dynamics of school and work in rural Bangladesh
_cby Jose Canals-Cerda and Cristobal Ridao-Cano
260 _aWashington, D.C.
_bWorld Bank
_c2004
300 _a48p.
440 _aPolicy research working paper; no. 3330
650 _aEducation --Bangladesh.
650 _aRural children --Employment --Bangladesh
700 _aRidao-Cano, Cristobal
999 _c291751
_d291751